000 01619nam a22002057a 4500
999 _c64145
_d64145
003 Ge_BSU
005 20260417174453.0
008 260416s1966 ge ||||| |||| 00| 0 geo d
041 _ageo
080 _a323.33(479.2)(09) ხ-81
100 _aხოშტარია, თენგიზ
_927328
245 _aმრეწველობის განვითარება და მუშათა კლასის ჩამოყალიბება XIX საუკუნის საქართველოში /
_bდამმუშავებელი მრეწველობის განვითარება /
_cედიშერ ხოშტარია; საქ. სსრ მეცნ. აკად., ივ. ჯავახიშვილის სახ. ისტორიის, არქეოლ. და ეთნოგრ. ინ-ტი.
264 _aთბილისი :
_bმეცნიერება,
_c1966.
300 _a227 გვ. :
_bცხრილ., 1 ფ. ცხრილ. ;
_c22 სმ.
500 _aპარალელური თავფურცელი რუსულ ენაზე.
504 _aბიბლიოგრაფია ტექსტის შენიშვნებში.
653 _aამიერკავკასიის მრეწველობა
710 _aსაქართველოს სსრ მეცნიერებათა აკადემია.
_bეკონომიკისა და სამართლის ინსტიტუტი.
_927329
942 _2udc
_cᲬᲘᲒᲜᲘ